000 00665nam a22001817a 4500
999 _c175548
_d175548
005 20200908155247.0
010 _aENG-128395
020 _c899.00
_a9789353948597
035 _aEN-111927
037 _bDBAD/PUB
082 _a660.28
100 _aFogler, H. Scott
245 _aEssentials of Chemical Reaction Engineering:
_cby H. Scott Fogler
_bSecond Edition/
260 _aNoida
_bPearson
_c2020
270 _a15th floor,Tower-B,Word Trade Tower,Plot no.1,Block-C sec 16,
_bNoida
_e201301
_k04466540100
_mcompanysecretary.india@pearson.com
300 _axxxi;775p.
_c25cm(pbk)
_bgraphs, illustrations diagrams
942 _2ddc
_cEN
_h660.28
_mFOG